Bienvenue à la Médiathèque de Saint-Andiol
banniere
Accueil Recherche avancée Mon compte
handi1 Rechercher dans le catalogue

Filtre   Mots-clés
  Recherche avancée
 
Lister les dernières nouveautés
 
Lister les livres GROS CARACTERES
 
Lister les périodiques (magazines)

handi1 Regretting you

Book Cover
Auteur principal : Colleen Hoover
Autres auteurs : Pauline Vidal
Titre : Regretting you
Support : Livres
Langue : Francais
Publié : 2021 Hugo Roman Paris
Genre : Roman
Collection : New romance
Sujets : Romance
Étiquettes :
Pas de tags
LEADER 01153nam0a2200253 450
001 16868197
010 |a 978-2-7556-8622-7  |b br.  |d 17 € 
100 |a 20201022d2021 u u0frey01 ba 
101 1 |a fre  |c fre 
102 |a FR 
200 0 |a Regretting you  |f Colleen Hoover  |g traduit de l'anglais (américain) par Pauline Vidal 
207 1 |a   
210 |a Paris  |c Hugo Roman  |d 2021 
215 |a 1 vol. (381 p.)  |d 21 x 13 cm 
225 1 |a New romance  |x 2275-6345 
330 |a Clara est une jeune fille qui mène une vie sans projet et sans ambition. Elle ne se reconnaît pas dans sa mère qu'elle juge fade et sans volonté, et est bien plus proche de son père Chris et de sa tante Jenny. Mais Chris est victime d'un accident de la route, ce qui oblige tous les membres de la famille à reconsidérer leur vie et leurs relations. 
606 0 |a Littérature américaine 
610 0 |a Romance 
676 |a 813 
700 0 |a Hoover  |b Colleen  |f 1979-....  |4 70 
702 0 |a Vidal  |b Pauline  |c angliciste  |f 19..-....  |4 730 
900 |a Roman 
901 |a Adultes 
995 |a Médiathèque  |c Médiathèque  |f 00156009935610  |h 00156009935610  |k R HOO  |o p  |q a  |r az  |e Médiathèque